000 00462nam a2200169Ia 4500
008 180921t2010 xxu||||| |||| 00| 0 sin d
041 _asin
080 _a57
_bSEN
100 _aSenarathna,Duminda
245 _aඋසස් පෙළ ජීව විද්‍යාව 1
246 _aUsaspela Jeewa Vidyawa 1
260 _bWasana
_aDankotuwa
_c2010
300 _a224
_iill, 24 cm
942 _cBK
999 _c13096
_d13096
003 LK-CoDNM
040 _aLK-CoDNM
_dLK-CoDNM
_eLK-CoDNM